Πληθυσμός Χώρας - Βορράς ή Νότος - Statistics

General Stats
  • This quiz has been taken 38 times
  • The average score is 9 of 15
Answer Stats
Question Answer % Correct
Αυστραλία Νότος
86%
Αίγυπτος Βορράς
76%
Βραζιλία Νότος
72%
Νιγηρία Νότος
69%
Ελβετία Βορράς
69%
Ουγκάντα Νότος
69%
Νεπάλ Νότος
62%
Καναδάς Νότος
59%
Βενεζουέλα Βορράς
59%
Ταϊβάν Βορράς
59%
Σουηδία Νότος
55%
Ιαπωνία Νότος
52%
Ηνωμένο Βασίλειο Νότος
48%
Ηνωμένα Αραβικά Εμιράτα Βορράς
45%
Νέα Ζηλανδία Βορράς
38%
No matching quizzes found
Score Distribution
Percent of People with Each Score
Percentile by Number Answered
Your Score History
You have not taken this quiz